000 03020cam a22006134i 4500
003 PE-LiUPU
005 20250731173534.0
008 150616s r 000 0 d
020 _a0802816134
035 _a(Sirsi) i9780802816139
040 _aPE-LiUPU
_bspa
_cPE-LiUPU
_erda
049 _aPRUA
082 0 4 _a264.001
_bM26
_221
100 1 _aMartin, Ralph P,
_eautor.
245 1 0 _aWorship in the Early Church /
_cRalph P Martin.
264 1 _aGrand Rapids, Michigan :
_bW. B. Eerdmans Publishing Company,
_c1995.
300 _a144 páginas ;
_c22 centímetros
336 _atext
_2rdacontent
337 _aunmediated
_2rdamedia
338 _avolume
_2rdacarrier
504 _aBibliografía al pie páginas.
505 0 _aThe church - A worshipping community.- The jewish inheritance in the temple and synagogue.- The prayers and praises of the new testament.
526 _aSEG42
526 _aSEG41
526 _aSEG40
526 _aSEG39
526 _aP94
526 _aP87
526 _aP86
526 _aP85
526 _aP77
526 _aP76
526 _aP35
650 0 4 _aAdoración
_xHistoria
_yPeriodo primitivo, ca. 30-600.
910 _ajck
_bjvq
_cjck
942 _2ddc
_cBOOK
949 _a264.001 M26
_wDEWEY
_c1
_i40383
_lCCODEBUL1
_mBUL
_r0
_sY
_tBOOK
_u2015-6-16
_xTEOLOGIA
_zUNKNOWN
_0COMPRA
_o.STAFF. Colección General
949 _a264.001 M26
_wDEWEY
_c2
_i54224
_lCCODEBUL1
_mBUL
_r0
_sY
_tBOOK
_u2015-6-16
_xTEOLOGIA
_zUNKNOWN
_0COMPRA
_o.STAFF. Colección General
949 _a264.001 M26
_wDEWEY
_c3
_i45780
_lCCODEBUL1
_mBUL
_r0
_sY
_tBOOK
_u2015-6-16
_xTEOLOGIA
_zUNKNOWN
_0COMPRA
_o.STAFF. Colección General
949 _a264.001 M26
_wDEWEY
_c4
_i42372
_lCCODEBUL1
_mBUL
_r0
_sY
_tBOOK
_u2015-6-16
_xTEOLOGIA
_zUNKNOWN
_0COMPRA
_o.STAFF. Colección General
949 _a264.001 M26
_wDEWEY
_c5
_i41995
_lCCODEBUL1
_mBUL
_r0
_sY
_tBOOK
_u2015-6-16
_xTEOLOGIA
_zUNKNOWN
_0COMPRA
_o.STAFF. Colección General
994 _aC0
_bPEPRU
596 _a1
999 _a264.001 M26
_wDEWEY
_c60208
_i40383
_f2021-11-10
_g5
_lCCODEBUL1
_mBUL
_r0
_sY
_tBOOK
_u2015-6-16
_xTEOLOGIA
_zUNKNOWN
_0COMPRA
_o.STAFF. Colección General
_d60208
999 _a264.001 M26
_wDEWEY
_c2
_i54224
_f2021-11-10
_g5
_lCCODEBUL1
_mBUL
_r0
_sY
_tBOOK
_u2015-6-16
_xTEOLOGIA
_zUNKNOWN
_0COMPRA
_o.STAFF. Colección General
999 _a264.001 M26
_wDEWEY
_c3
_i45780
_f2021-11-10
_g5
_lCCODEBUL1
_mBUL
_r0
_sY
_tBOOK
_u2015-6-16
_xTEOLOGIA
_zUNKNOWN
_0COMPRA
_o.STAFF. Colección General
999 _a264.001 M26
_wDEWEY
_c4
_i42372
_f2021-11-10
_g5
_lCCODEBUL1
_mBUL
_r0
_sY
_tBOOK
_u2015-6-16
_xTEOLOGIA
_zUNKNOWN
_0COMPRA
_o.STAFF. Colección General
999 _a264.001 M26
_wDEWEY
_c5
_i41995
_f2021-11-10
_g5
_lCCODEBUL1
_mBUL
_r0
_sY
_tBOOK
_u2015-6-16
_xTEOLOGIA
_zUNKNOWN
_0COMPRA
_o.STAFF. Colección General
980 _81
_gALBERTO SANCHEZ Responsable de Automatización